Hombre sangrando a solas /
Salvato in:
| Autore principale: | |
|---|---|
| Natura: | Sconosciuto |
| Lingua: | Spanish |
| Pubblicazione: |
Chile :
Editorial Barga de Palo,
1993.
|
| Soggetti: | |
| Tags: |
Aggiungi Tag
Nessun Tag, puoi essere il primo ad aggiungerne!!
|
MARC
| LEADER | 000000000a22000000004500 | ||
|---|---|---|---|
| 001 | 003357 | ||
| 020 | |a 9567390010 | ||
| 041 | 0 | |a spa | |
| 082 | 0 | 4 | |a Ch861.4 |b G143h |
| 100 | 1 | |a Gaínza, Rodrigo | |
| 245 | 1 | 0 | |a Hombre sangrando a solas / |c Rodrigo Gaínza. |
| 260 | 1 | |a Chile : |b Editorial Barga de Palo, |c 1993. | |
| 300 | |a 153 páginas | ||
| 650 | 4 | |a LITERATURA CHILENA | |
| 650 | 4 | |a POESIA | |
| 999 | |c 9592 |d 9592 | ||
| 942 | |c BK |h Ch861.4 G143h |2 z | ||



